Every route in SCR - R023 - Statistics

General Stats
  • This quiz has been taken 14 times
  • The average score is 7 of 8
Answer Stats
Limited Stop By Connect By Express By Airlink Answer % Correct
N/A Yes City Hospital
100%
N/A Yes Financial Quarter
89%
N/A Yes Yes Yes Stepford Central
89%
N/A Yes Yes Stepford East
89%
N/A Yes Stepford Victoria
89%
N/A Yes High Street
78%
N/A Yes Stepford UFC
78%
N/A Yes Whitefield Lido
78%
No matching quizzes found
Score Distribution
Percent of People with Each Score
Percentile by Number Answered
Your Score History
You have not taken this quiz